[Event "Pamplona 9495 5th"]
[Site "Pamplona"]
[Date "1994.??.??"]
[Round "?"]
[White "Yudasin, Leonid"]
[Black "De la Villa Garcia, Jesus Maria"]
[Result "1/2-1/2"]
[WhiteElo "2615"]
[BlackElo "2490"]
[Annotator "Ftacnik,L"]
[PlyCount "46"]
[EventDate "1994.12.??"]
[EventType "tourn"]
[EventRounds "9"]
[EventCountry "ESP"]
[EventCategory "13"]
[SourceTitle "CBM 046"]
[Source "ChessBase"]
[SourceDate "1995.06.01"]
[SourceVersion "1"]
[SourceVersionDate "1995.06.01"]
[SourceQuality "1"]

1. c4 c5 2. Nc3 Nf6 3. g3 d5 4. cxd5 Nxd5 5. Bg2 Nc7 6. Qa4+ Qd7 (6... Bd7 $6
7. Qb3 Bc6 8. Bxc6+ Nxc6 9. Qxb7 Nd4 10. Qe4 $16) 7. Qxd7+ Nxd7 8. Nf3 e5 $146
(8... g6 9. O-O Bg7) 9. e3 b6 (9... f5 10. e4 $5) (9... g6 10. d4 exd4 11. exd4
Bg7 12. Be3 $36) 10. d4 Bb7 11. O-O e4 (11... cxd4 $6 12. exd4 e4 13. Nh4 Nf6
14. Nxe4 $1 Nxe4 15. Bxe4 Bxe4 16. Re1 $16) 12. Nh4 $6 (12. Ng5 f5 13. f3 h6
14. Nh3 exf3 15. Bxf3 Bxf3 16. Rxf3 g6 17. Nf4 Rg8 $132) (12. Nd2 f5 13. f3
exf3 14. Nxf3 Be7 $13) (12. Ne5 $5 Nf6 (12... f5 13. Nxd7 Kxd7 14. Bh3 g6 15.
g4 $16) 13. Rd1 $36) 12... Nf6 13. dxc5 Bxc5 14. Na4 Bf8 (14... Be7 15. Nf5 $1)
15. Bd2 (15. Nf5 g6 16. Nd4 Bg7 $10) (15. b3 g6 16. Bb2 Be7 17. Rfd1 O-O (17...
Ne6 18. Bh3 Ng5 19. Bd7+ $36)) 15... g6 16. Rac1 Ne6 (16... Ncd5 17. Nc3 Bg7
18. Nxe4 Nxe4 19. Bxe4 $14) 17. f4 $1 exf3 18. Nxf3 Bg7 (18... Be7 19. Bc3 b5
20. Nh4 Bxg2 21. Nxg2 Rc8 22. Rcd1 bxa4 23. Bxf6 $14) 19. Nd4 Bxg2 (19... Nxd4
20. Bxb7 $16) 20. Nxe6 $1 (20. Kxg2 Nxd4 21. exd4 O-O 22. Nc3 Rfe8 $15) 20...
Bxf1 (20... fxe6 21. Kxg2 O-O 22. Nc3 $10) 21. Nxg7+ Kf8 22. Bc3 $1 (22. Rxf1
Ne4 23. Ne6+ Ke7 $17) 22... Rc8 (22... Bb5 23. Bxf6 Bxa4 24. Nf5 Rg8 25. Nh6
$10) (22... Bh3 23. Bxf6 Rg8 24. Rc7 Rc8 $36) 23. Rxf1 Rxc3 (23... Rxc3 24.
Nxc3 Kxg7 25. Rd1 Re8 26. Rd3 $10) 1/2-1/2

[Event "EU-ch 15th"]
[Site "Yerevan"]
[Date "2014.03.11"]
[Round "8"]
[White "Grigoriants, Sergey"]
[Black "Volokitin, Andrei"]
[Result "1-0"]
[WhiteElo "2574"]
[BlackElo "2674"]
[Annotator "Ftacnik,L"]
[PlyCount "73"]
[EventDate "2014.03.03"]
[EventType "swiss"]
[EventRounds "11"]
[EventCountry "ARM"]
[SourceTitle "CBM 160"]
[Source "ChessBase"]
[SourceDate "2014.05.15"]
[SourceVersion "1"]
[SourceVersionDate "2014.05.15"]
[SourceQuality "1"]

1. Nf3 c5 2. c4 Nf6 3. Nc3 d5 4. cxd5 Nxd5 5. e4 Nb4 6. Bb5+ N8c6 7. d4 cxd4 8.
a3 {The old variation which used to be a more frequent guest in chess
tournaments. White is ready to sacrifice material in order to develop
dangerous activity.} dxc3 9. Qxd8+ Kxd8 10. axb4 cxb2 11. Bxb2 f6 (11... Nxb4
$2 12. Ke2 $16) (11... e5 12. O-O-O+ Kc7 13. Bxc6 bxc6 14. Bxe5+ Kb7 15. Bc3
Be7 16. Ne5 f6 17. Nf7 $10 {Miles,A-Schmidt,Wl/Buenos Aires/1978/}) 12. e5 (12.
O-O e5 13. Rfd1+ Kc7 $17) (12. Be2 {/\ b5} Nxb4 13. O-O e5 14. Rfd1+ Kc7 $17)
12... f5 $6 $146 {[%mdl 4] Distance in time can be quite dangerous in chess
practice. Volokitin could obviously not quite remember the most promising
answer 12...Bd7! Thinking independently, he generated a novelty that will
prove to be too compromising.} (12... Bg4 13. Bxc6 bxc6 14. Nd4 fxe5 15. Nxc6+
Kc7 (15... Ke8 16. O-O e6 17. Rfc1 Bd6 18. b5 Bc7 19. Nxe5 Bxe5 20. Bxe5 Kf7
21. Rc7+ Kg6 22. Rxg7+ Kf5 23. f4 $18 {1-0 (30) Uhlmann,W (2505)-Szymczak,Z 
(2460) Warsaw 1983}) 16. Nxe5 Bh5 17. O-O Be8 18. Rfc1+ Kb7 19. Nc4 e5 20. Bxe5
h5 21. Na5+ Kb6 22. Bc7+ Ka6 23. Nc6+ {1-0 (23) Kasparov,G (2775)-Kortschnoj,V
(2655) Skelleftea 1989}) (12... Bd7 $1 13. O-O (13. Bxc6 Bxc6 (13... bxc6 14.
O-O $44) 14. e6 g6 15. O-O Bh6 16. Nd4 Kc7 17. b5 (17. Nxc6 $6 Kxc6 $17 (17...
bxc6 18. Bd4 Rhd8 19. Bc5 $44)) 17... Bd5 18. Ba3 Rhe8 19. Rfd1 Rad8 (19... b6
$2 20. Nf5 gxf5 21. Rxd5 $40) 20. Bc5 (20. Bb4 Kb8) 20... b6 21. Rxa7+ Bb7 22.
Ba3 $11 {0-1 (53) Jussupow,A (2575)-Tseshkovsky,V (2530) Moscow 1981}) (13. Rd1
Ke8 14. Nd4 Nxe5 15. Bxd7+ Nxd7 16. Ne6 Rc8 17. O-O Nb6 18. Bd4 Rc6 19. Bxb6
Rxb6 20. Rfe1 Kf7 21. Nd8+ Kg6 22. Rd7 e5 $17 {0-1 (50) Donchenko,O (2407)-Van
Wely,L (2651) Kuppenheim 2004}) (13. Bc4 Rc8 14. Rd1 Kc7 15. e6 Be8 16. b5 Na5
17. Be2 Kb8 18. O-O g6 19. Rc1 Bh6 20. Rxc8+ Kxc8 21. Ba3 $14 {1-0 (41) Timman,
J (2625)-Bohm,H (2410) Leeuwarden 1979}) 13... Nxe5 14. Rfd1 Ke8 15. Bxd7+ Nxd7
16. Nd4 Nb6 17. Nb5 Kf7 18. Rac1 a6 19. Nc7 Rc8 20. Bd4 Nd7 $15 {1/2 (70)
Ovetchkin,R (2557)-Nepomniachtchi,I (2613) Krasnoyarsk 2007}) 13. Ng5 Kc7 (
13... Ke8 14. e6 a6 15. O-O h6 16. Nf7 Rh7 17. Ne5 Bxe6 18. Nxc6 Bd7 19. Nd4
$18) 14. e6 h6 15. Nf7 Rg8 16. Bc4 a6 {Black is indirectly admitting, that his
unwilling experiment was not quite successful. The necessity to invest the
tempo is driven by the might of impending advance of White's b-pawn.} (16... g6
$2 17. b5 Nb8 18. Be5+ Kb6 19. Bd4+ Kc7 20. b6+ $18) 17. O-O g6 18. Rfc1 (18.
Bd5 Bg7 19. Bxg7 Rxg7 20. Rac1 $16) 18... Bg7 19. Bxg7 Rxg7 20. Bd5 Kb6 $6 {
It is easy to understand Volokitin's desire to keep alive chances for some
activity. In reality this brave move helps White. The greater hope for
building up resistance was hidden in the line with the modest retreat 20...Kb8!
} (20... Kb8 $1 21. Bxc6 bxc6 22. Nd8 Bb7 23. Rd1 Ra7 24. Rd7 Rg8 25. h4 Re8
26. Ra5 Ba8 27. Nf7 Rb7 28. Ne5 Rxb4 29. Nxg6 $14) 21. Bxc6 bxc6 22. Ne5 Bb7
23. Rd1 Rgg8 (23... Re8 24. Rac1 Rgg8 25. Rd7 $18) (23... Bc8 24. Rac1 $18) 24.
Rd7 Rad8 {Black would gladly part with his extra pawn if he could keep alive
his chances and obtain some activity. In real life he must eat humble pie and
try to prolong the resistance with the help of attentive defence.} (24... Rge8
$1 25. Rc1 Rad8 26. Nc4+ Ka7 27. Rcd1 Rb8 28. Re1 Rbd8 29. Na5 Rxd7 30. exd7
Rd8 31. Rxe7 Kb6 32. Nc4+ Kc7 33. Ne5 $16) 25. Rad1 $1 Rde8 26. Rc1 Rd8 (26...
g5 27. Nc4+ Ka7 28. Na5 Rb8 29. Rxc6 Ka8 30. Rcc7 $18) 27. Rcd1 Rde8 28. Rc1
Rd8 29. Nc4+ Ka7 30. Rcd1 (30. Rxe7 Rge8 31. Rg7 Rxe6 32. Na5 Rb8 33. Nxc6+ Ka8
34. Nxb8 $18) 30... Rb8 {The modest retreat and quiet admission that the whole
opening has ended in failure. The exchange of rooks on the d7 would cost Black
an exchange, passive defence will take the point.} (30... Rxd7 31. exd7 Rd8 32.
Ne5 Kb8 33. Nf7 Kc7 34. Nxd8 Kxd8 35. f4 $18) 31. Rxe7 c5 (31... Rbe8 32. Rh7
Kb8 33. Nd6 Bc8 34. e7 $18) 32. bxc5 Rgc8 33. Nd6 Rxc5 34. Re1 {This modest
move prepares to support the passed pawn as Black can not avoid exchanges on
the b7-square.} (34. Rb1 Rc6 35. Nxb7 Ka8 36. g3 $18) 34... Rb5 (34... a5 35.
Rxb7+ Rxb7 36. Nxb7 Kxb7 37. e7 $18) 35. Rxb7+ R5xb7 36. Nxb7 Kxb7 (36... Rxb7
37. e7) 37. Rb1+ $1 {The last hope for a mistake by his opponent has vanished.
The exchange of the rooks will turn the e-pawn into a promising beast.} (37.
Rb1+ $1 Kc7 38. Rxb8 Kxb8 39. e7 $18) 1-0

[Event "Interzonal-16"]
[Site "Biel"]
[Date "1993.??.??"]
[Round "11"]
[White "Gurevich, Mikhail"]
[Black "Epishin, Vladimir"]
[Result "1/2-1/2"]
[WhiteElo "2605"]
[BlackElo "2655"]
[Annotator "Ftacnik,L"]
[PlyCount "56"]
[EventDate "1993.07.16"]
[EventType "swiss"]
[EventRounds "13"]
[EventCountry "SUI"]
[SourceTitle "CBM 037"]
[Source "ChessBase"]
[SourceDate "1993.12.01"]
[SourceVersion "1"]
[SourceVersionDate "1993.12.01"]
[SourceQuality "1"]

1. Nf3 Nf6 2. c4 e6 3. Nc3 d5 4. d4 c5 5. cxd5 cxd4 6. Qxd4 (6. Qa4+) 6... Nxd5
7. e4 (7. Bg5 $5) 7... Nxc3 8. Qxc3 Nc6 9. Bb5 Bd7 10. O-O Qb6 11. a4 Qc5 12.
Qd3 $5 (12. Be3) 12... Qd6 13. Qe2 a6 14. Rd1 (14. e5 $5 Qc7 15. Bd3 Nb4 16.
Bb1 Bc6 17. Ng5 $36 {Gurevich,M}) 14... Qc7 15. Bxc6 (15. Bc4 Na5 $132) (15.
Bd3 Bd6 16. Be3 Ne5 17. Rac1 Qb8 $5 {Gurevich,M} (17... Bc6 18. Nd4 $14)) 15...
Bxc6 16. Bg5 h6 $1 (16... Bd6 17. Qd2 Be7 18. Bf4 Qb6 19. Ne5 Rd8 (19... Bxe4
$2 20. Qd7+ Kf8 21. Rac1 $40) 20. Qc2 $14) (16... f6 $5 17. Be3 Bxe4 18. Rac1
$44 {Gurevich,M}) 17. Be3 Bd6 (17... Bxe4 $6 18. Rac1 Qa5 (18... Qb8 19. Bb6
$16) 19. Nd2 $1 Bd5 20. Nc4 Bxc4 21. Qxc4 Be7 22. Qc7 $16 {Gurevich,M}) (17...
Be7 $5 18. Nd4 $6 Bxe4 19. Qg4 Qe5 (19... Bg6 $2 20. Nxe6 $16) 20. Nf3 h5 $15)
18. a5 Qe7 19. Bb6 O-O 20. Nd4 $8 Rfc8 $10 21. Nxc6 (21. Rac1 Be8 $15) (21. e5
Bc5 $10) 21... Rxc6 22. Rac1 Rac8 23. Rxc6 Rxc6 24. g3 Bc7 25. Bxc7 Qxc7 26.
Qd2 Qe5 27. Qb4 $1 $8 Qc7 28. Qd2 Qe5 1/2-1/2

[Event "Tata Steel-A 77th"]
[Site "Wijk aan Zee"]
[Date "2015.01.17"]
[Round "7"]
[White "Ding, Liren"]
[Black "Van Wely, Loek"]
[Result "1-0"]
[WhiteElo "2732"]
[BlackElo "2667"]
[Annotator "Ftacnik,L"]
[PlyCount "157"]
[EventDate "2015.01.10"]
[EventType "tourn"]
[EventRounds "13"]
[EventCountry "NED"]
[EventCategory "20"]
[SourceTitle "CBM 165"]
[Source "ChessBase"]
[SourceDate "2015.03.11"]
[SourceVersion "1"]
[SourceVersionDate "2015.03.11"]
[SourceQuality "1"]

1. c4 c5 2. Nf3 Nf6 3. Nc3 Nc6 4. g3 d5 5. cxd5 Nxd5 6. Bg2 Nc7 7. O-O e5 8. a3
{The most dangerous move for Black, that has been gaining traction in recent
years. A much more popular choice used to be the 8.d3 line, but the results
for White are very modest.} (8. d3 Be7 9. Nd2) 8... Be7 9. b4 O-O 10. Rb1 {
Ding Liren indirectly admits that his opponent knows what to do against the
venomous 8.a3 idea. It is difficult to resist the feeling, that the rook move
is not very promising and both moves with the b-pawn deserve serious attention
in the future.} (10. b5 Nd4 11. Nxe5 Bf6 12. f4 (12. Nd3 Re8 13. e3 Nde6 14.
Qc2 Nxb5 15. Bb2 Nxc3 16. Bxc3 Ng5 17. Nxc5 Bh3 18. Ne4 Nxe4 19. Bxh3 Nxc3 20.
dxc3 Qc7 {Trapl,J-Antosik,A/Karvina 1980 (68)}) 12... Bxe5 13. fxe5 Bg4 (13...
Re8 14. e3 Ndxb5 15. Nxb5 Nxb5 16. Qb3 Qd7 17. Bh3 $18) 14. a4 Nxe2+ 15. Nxe2
Bxe2 16. Qxe2 Qd4+ 17. Qe3 Qxa1 18. Ba3 Qa2 (18... Qd4 19. Qxd4 cxd4 20. Bxb7
Rab8 21. Bxf8 Kxf8 22. Bf3 Ke7 23. Rc1 Ne6 24. Kf2 $16) 19. Bxc5 Qxa4 (19...
Rfe8 20. Bd6 Nd5 21. Qf2) 20. Bxf8 Rxf8 21. b6 axb6 22. Qxb6 {1-0 (43) Hansen,
C (2607)-Mueller,K (2489) Germany 2006/}) (10. bxc5 Bxc5 11. Bb2 Re8 12. Rc1
Bf8 13. Ne4 Rb8 14. d3 Nb5 15. Nfg5 Nc7 16. Qb3 Be6 17. Nxe6 Nxe6 18. e3 Qa5
19. Rc4 Red8 20. Rfc1 $14 {1-0 (35) Kramnik,V (2781)-Timofeev,A (2665) Moscow
2011}) 10... cxb4 (10... Bf5 11. d3 c4 12. e4 Be6 13. b5 Na5 14. d4 exd4 15.
Nxd4 Bc5 16. Be3 Nb3 17. Nxe6 Nxe6 18. Bxc5 Nexc5 19. Qe2 Qd3 20. Qxd3 Nxd3 21.
Rfd1 $11 {1-0 (52) Lalic,B (2500)-Izeta Txabarri,F (2340) Palma de Mallorca
1989}) (10... f6 11. b5 Nd4 12. e3 Nxf3+ 13. Qxf3 Qd3 14. Bb2 Rd8 15. Rfd1 Rb8
16. Ne4 Be6 17. Bf1 Qd7 18. Rdc1 b6 19. d4 Bg4 20. Bc4+ Kh8 21. Qg2 exd4 22.
exd4 cxd4 $17 {0-1 (40) Paouris,N (2018)-Valden,P (2163) Iraklion 2011}) 11.
axb4 b5 $1 {Van Wely has played the game very well with exceptional control
and enviable confidence. The fixing of the pawn on b4 is unpleasant for White.}
(11... Bxb4 12. Nxe5 a5 13. Nxc6 bxc6 14. Bxc6 Rb8 15. Bb2 $14) 12. Bb2 Bf5 (
12... Bxb4 $2 13. Nxb5 $1 Nxb5 14. Nxe5 Nxe5 15. Bxe5 a5 16. Bxa8 Bh3 17. Bc6
Bxf1 18. Qxf1 $14) 13. Rc1 Rc8 (13... Bxb4 $2 14. Na2 Be6 (14... e4 15. Nh4 Be6
16. Rxc6 Bxa2 17. Bxg7 Bd5 18. Bxf8 Bxf8 19. Rc1 $16) 15. Nxe5 Nxe5 16. Nxb4
$16) 14. d3 Qd7 (14... Bxb4 15. Na2 Na6 16. Nxb4 Naxb4 17. Nxe5 Nxe5 18. Rxc8
Qxc8 19. Bxe5 $14) 15. Nb1 Na6 {Remarkable restraint as to the urge to grab
the b4-pawn is keeping Black well within the safe zone. White has even began
losing control when he did not notice that his position can become worse.} (
15... Be6 16. Bxe5 (16. Nxe5 Nxe5 17. Bxe5 Nd5 $15) 16... Nd5 17. Ba1 Ncxb4 18.
Qd2 $13) 16. Bxe5 (16. Na3 Naxb4 17. Nxb5 Rb8 18. Qa4 Be6 19. Ba1 Rfc8 $11)
16... Naxb4 $1 (16... Nxe5 17. Nxe5 Qd6 18. Nc6 Nxb4 19. Nxe7+ Qxe7 20. Nc3 a6
$11) 17. Bb2 $6 {The natural retreat of the bishop is not sufficient, Ding had
to began thinking about counterchances.} (17. Ba1 $5) 17... Rfd8 (17... Na2 $1
18. Rc2 Be6 19. Nbd2 a5 $15) 18. Nc3 a6 19. Ra1 (19. Qd2 Bf6 20. Ra1 Bg4 $15)
19... Bh3 $6 {The Dutch grandmaster had to get used to the idea of sitting at
the driving wheel, his attempt to exchange bishops is too meek.} (19... Bg4 $1
20. Ne4 a5 $15) 20. Bxh3 Qxh3 21. Qd2 (21. d4 $1 Qe6 22. e3 $11) 21... Qf5 22.
Kg2 a5 23. Ne4 (23. Rfb1 h6 24. Nd1 Bc5 $15) 23... Nd5 24. Rfc1 {White does
not know what to do with his position and Black will gradually improve his
position into a seriously better one.} (24. Ba3 $5 Bxa3 25. Rxa3 b4 $15) 24...
a4 25. Kg1 (25. Nc3 Nxc3 26. Qxc3 Bf8 $17) 25... h6 26. h4 Bb4 27. Qd1 Bf8 {
The black queen would have been useful back home, but the unsual pawn
distribution was forcing both players to dance somewhat in the dark.} (27...
Qd7 $1 28. Rc2 Na5 29. Rac1 Nb3 30. Ne5 Qe8 $17) 28. Rcb1 Nb6 (28... Qd7 $1 29.
Rc1 Qa7 30. Rcb1 Bb4 $17) 29. Bc1 Nc4 (29... Qxe4 30. Be3 Qd5 31. Bxb6 Re8 32.
e4 Qh5 33. d4 Nb4 $17) 30. Nc3 Bb4 31. Na2 (31. Nxb5 Qxb5 32. Qxa4 Qxa4 33.
Rxa4 Nb6 34. Ra6 Nd5 $17) 31... Be7 32. Nc3 Bb4 33. Na2 Be7 34. Nc3 Nb4 $1 {
[%mdl 16] Van Wely finally managed to believe, that his advantage might be
enough to try beating his strong and dangerous opponent.} 35. Kg2 $6 (35. Bf4
Na5 36. Nxb5 Qxb5 37. Qxa4 Qxa4 38. Rxa4 Nac6 $17) 35... Na5 $6 {The mistakes
can not be attributed only to the impending time trouble; especially the
centralisation of the black knight seems to have been quite a reasonable move.}
(35... Ne5 $1 36. Nxe5 Qxe5 37. Nxa4 (37. Ne4 Qxe4+ $19) 37... bxa4 38. Rxa4
Qe6 $19) 36. Bd2 Nb3 37. Rxb3 (37. Ra3 $2 Rxc3 38. Bxc3 Nxd3 39. exd3 Rxd3 $19)
37... axb3 38. Rb1 (38. Qxb3 Nxd3 39. Qxb5 (39. exd3 Rxd3 $19) 39... Nc5 $17)
38... Nc6 $2 {The chess clock rarely contributes to the quality of play before
the cursed control move number 40. Under different conditions Black would have
surely looked into the charming combination of manifold shots on the 3rd rank.}
(38... Nxd3 $1 39. exd3 Rxc3 40. Bxc3 Rxd3 41. Bd2 Rxf3 42. Be3 Qe4 43. Kh2 Bd6
44. Rxb3 Bxg3+ 45. fxg3 Rxe3 $19) 39. e4 Qh5 (39... Qc5 40. Nd5 Qc2 41. Qxc2
bxc2 42. Rc1 Bf8 43. Rxc2 Ne7 44. Nxe7+ Bxe7 45. Rb2 Rxd3 46. Rxb5 $15) 40. Nd5
Rxd5 {Unfortunately for Van Wely this is only the first part of a real chess
tragedy. Black has managed to blow nearly 100% of his advantage.} (40... Bc5
41. Qxb3 b4 42. Qc4 (42. d4 Bxd4 43. Rc1 Bf6 44. Bxb4 Qg4 45. Bd2 Qxe4 46.
Nxf6+ gxf6 $17) (42. Nxb4 $2 Bxb4 43. Bxb4 Rb8 44. Qc3 Rdc8 $19) 42... Qxf3+
43. Kxf3 Ne5+ 44. Ke2 Nxc4 45. dxc4 Re8 46. f3 f5 47. Kd3 fxe4+ 48. fxe4 Rf8
$15) 41. exd5 Qxd5 42. Qxb3 Qxb3 43. Rxb3 b4 $11 44. Kf1 (44. Rb1 f6 45. Rc1
$11) 44... f6 45. Rb1 Kf7 (45... Ra8 46. d4 Bd6 47. Ke2 $11) 46. Ra1 (46. Rc1
Ke6 47. Nd4+ Kd7 48. Rc4 $1 Bd6 49. Bf4 Ne7 50. Bxd6 Rxc4 51. dxc4 Kxd6 52. Ke2
$11) 46... Rb8 47. Be3 b3 48. Nd2 b2 (48... Ke6 49. Rb1 Na5 50. Ke2 Kd5 51. Ne4
Bb4 52. g4 $11) 49. Rb1 f5 50. Nc4 Bf6 51. Bc5 $2 {Ding was probably destined
to lose the game despite the fact, that he managed to get away with a scare
before time control.} (51. d4 $5 f4 52. gxf4 Nxd4 53. Rxb2 Rxb2 54. Nxb2 Nf5
55. Nd3 Nxh4 $15) 51... Bc3 $6 (51... Ra8 $1 52. Ba3 (52. Ke2 Ra1 53. Nd2 Ke6
$19) 52... Ne5 53. Nxe5+ Bxe5 54. Bxb2 Rb8 55. Bxe5 Rxb1+ $17) 52. Ke2 Nb4 (
52... Nd4+ 53. Kd1 Nb5 54. Kc2 Rc8 55. Be3 Bf6 56. Kb3 Rb8 $15) 53. d4 Ke6 $2 {
Black has decided to tip himself the black spot and just two moves after
missing the great chance he painfully loses control and thus also the game!} (
53... Nd5 54. Kd1 (54. Kd3 Be1 $11) 54... Nb4 55. Ke2 Nd5 $11) 54. Bxb4 Bxb4 (
54... Rxb4 55. Kd3 $18) 55. Rxb2 g5 (55... Bd6 56. Ra2 $16) 56. h5 $1 {There
is no trace of the former stress that White had to bear in the first part of
the game. Black is probably beyond hope, as his h6-pawn represents a fatal
weakness.} g4 (56... Bd6 57. Ra2 Bf8 58. Ra6+ Kd5 59. Ne3+ Ke4 60. f3+ Kxd4 61.
Nxf5+ Ke5 62. Nxh6 $18) 57. Kd3 Bd6 58. Re2+ Kd7 (58... Kd5 59. Ne3+ Ke6 60.
Nxg4+ $18) 59. Ne3 (59. Ra2 Rb3+ 60. Ke2 $16) 59... Rf8 (59... Rb3+ 60. Kc4
Rb4+ 61. Kc3 Rb5 62. d5 $16) 60. Ra2 f4 (60... Bb8 61. Ra6 Bd6 62. Nc4 $18) 61.
Nxg4 fxg3 62. fxg3 Bxg3 63. Nxh6 {The two extra pawns are not exactly
connected, but the white pieces are well coordinated. Black is unable to get
serious counterplay.} Rf4 (63... Bb8 64. Re2 Rf3+ 65. Re3 Rf1 66. Ng4 $18) 64.
Rg2 Bf2 65. Rg4 Rf3+ 66. Ke2 (66. Kc4 Rh3 67. Rg5 Be3 68. Rd5+ Ke8 69. Ng4 Bc1
70. Rf5 $18) 66... Rf8 67. Re4 Kd6 68. Ng4 Bg1 (68... Bh4 69. h6 Bf6 70. Kd3
$18) 69. Kd3 Rf3+ 70. Kc4 Ra3 71. h6 (71. Re1 Ra4+ 72. Kb3 Rxd4 73. Rxg1 $18)
71... Ra4+ 72. Kc3 Ra3+ 73. Kb4 Rh3 74. Kc4 Rh4 {The pin along the 4th rank
represents the last hope for the defender.} 75. d5 Be3 (75... Ba7 76. Nf6 Rxh6
77. Re6+ Kc7 78. Ne8+ $18) 76. Nf6 $1 {Ding must have been very happy, since
the advance of the last pawn on the d-file decides the game.} Rh3 (76... Rxh6
77. Re6+ Kc7 78. d6+ Kb8 79. d7 Kc7 80. Re8 Rh4+ 81. Kb5 Rd4 82. Rc8+ Kb7 83.
d8=Q $18) 77. Re6+ Kc7 78. d6+ Kb7 79. d7 {A truly tragic end toa very
interesting fight from Black's point of view!} 1-0

[Event "New York op"]
[Site "New York"]
[Date "1991.??.??"]
[Round "7"]
[White "Wojtkiewicz, Aleksander"]
[Black "Yudasin, Leonid"]
[Result "1/2-1/2"]
[WhiteElo "2540"]
[BlackElo "2645"]
[Annotator "Ftacnik,L"]
[PlyCount "49"]
[EventDate "1991.03.??"]
[EventType "swiss"]
[EventRounds "9"]
[EventCountry "USA"]
[SourceTitle "CBM 023"]
[Source "ChessBase"]
[SourceDate "1991.08.01"]
[SourceVersion "1"]
[SourceVersionDate "1991.08.01"]
[SourceQuality "1"]

1. Nf3 {Ribli Kortschnoj} c5 2. c4 Nc6 3. Nc3 Nf6 4. g3 d5 5. d4 $5 dxc4 $6 (
5... e6) (5... cxd4 {Kortschnoj} 6. Nxd4 dxc4 (6... e6 {Ribli} 7. cxd5 Nxd5 8.
Nxc6 bxc6 9. Bg2 Bb4 10. O-O $1 $14 {Makarov,M-Kuporosov,V URS-sf Russia-ch
Gorky CBM/16}) 7. Nxc6 Qxd1+ 8. Nxd1 bxc6 9. Bd2 {/\ 10.Tc1 with a slight
advantage for white.}) (5... Bg4 {Kortschnoj Tal} 6. cxd5 Nxd5 7. Bg2 e6 8.
Nxd5 exd5 9. O-O {still with an edge for white.}) 6. d5 Nb4 $6 (6... Na5 7. e4
b5 8. Nxb5 Nxe4 9. Ne5 Bd7 10. Nxd7 Qxd7 11. Qa4 Rb8 12. Nc7+ Kd8 13. Ne6+ fxe6
14. Qxa5+ Qc7 15. Qxc7+ Kxc7 16. Bf4+ Nd6 17. O-O-O g6 18. Be5 Rg8 19. dxe6 $16
{Tal,M-Timman,J/Hilversum m/5/1988/}) (6... Na5 {Kortschnoj had been played in
Tal-Timman, Hilversum 1988.}) 7. e4 Bg4 8. Bxc4 Bxf3 9. Qxf3 Nc2+ 10. Kf1 Nxa1
11. e5 a6 (11... Nd7 12. e6) 12. exf6 Nc2 (12... exf6 13. Kg2 $16 {Tal,M}) 13.
d6 $1 e6 (13... gxf6 14. Qxb7 $18) 14. Qxb7 Qb8 (14... Bxd6 {Kortschnoj} 15.
fxg7 Rg8 16. Ne4 Be5 17. Qc6+ {winning.}) 15. Qc6+ Kd8 16. Bxe6 (16. Ne4 $5 $16
) 16... Ra7 (16... fxe6 17. fxg7 Bxg7 18. Bg5+ $18) 17. fxg7 Bxg7 18. Bg5+ f6
19. Qxc5 (19. Bf4 {Kortschnoj} Nd4 20. Qc7+ $18 {was the simplest.} (20. Qc7+ {
Ribli} Rxc7 21. dxc7+ Qxc7 22. Bxc7+ Kxc7 23. Bc4 $16)) 19... Nd4 (19... fxg5
20. Qxg5+ Ke8 21. d7+ $18) 20. Bh3 $4 (20. Qxd4 fxg5 (20... fxg5 {Ribli} 21.
Qc5 $18)) (20. Be3 $18) (20. Be3 {Kortschnoj was winning easily - Seirawan.})
20... fxg5 21. Qxg5+ Ke8 22. d7+ Kf7 23. Qd5+ Ke7 24. Qc5+ Kf7 25. Qd5+ {
Ftacnik,L} 1/2-1/2